<?xml version="1.0" encoding="UTF-8"?>
<record
    xmlns:xsi="http://www.w3.org/2001/XMLSchema-instance"
    xsi:schemaLocation="http://www.loc.gov/MARC21/slim http://www.loc.gov/standards/marcxml/schema/MARC21slim.xsd"
    xmlns="http://www.loc.gov/MARC21/slim">

  <leader>01113nam2a2200265   4500</leader>
  <controlfield tag="001">RU\NLR\ONL2\2712</controlfield>
  <controlfield tag="005">20250613124706.0</controlfield>
  <datafield tag="010" ind1=" " ind2=" ">
    <subfield code="a">5-295-03272-8 (&#x431;&#x430;&#x448;.)</subfield>
    <subfield code="9">9300</subfield>
  </datafield>
  <datafield tag="035" ind1=" " ind2=" ">
    <subfield code="a">(NLR Aleph) 009650313</subfield>
  </datafield>
  <datafield tag="090" ind1=" " ind2=" ">
    <subfield code="a">9572522</subfield>
    <subfield code="c">9572522</subfield>
  </datafield>
  <datafield tag="100" ind1=" " ind2=" ">
    <subfield code="a">20040921d2003    |||y0rusy50      ca</subfield>
  </datafield>
  <datafield tag="101" ind1="0" ind2=" ">
    <subfield code="a">bak</subfield>
  </datafield>
  <datafield tag="102" ind1=" " ind2=" ">
    <subfield code="a">RU</subfield>
  </datafield>
  <datafield tag="105" ind1=" " ind2=" ">
    <subfield code="a">a |||||||||</subfield>
  </datafield>
  <datafield tag="200" ind1="1" ind2=" ">
    <subfield code="a">(&#x411;&#x435;&#x440;&#x435;&#x43D;&#x441;&#x435; &#x44F;&#x440;&#x442;&#x44B; &#x439;&#x44B;&#x43B;&#x43B;&#x44B;k)</subfield>
  </datafield>
  <datafield tag="210" ind1=" " ind2=" ">
    <subfield code="d">2003</subfield>
    <subfield code="a">&#x411;. &#x43C;.</subfield>
  </datafield>
  <datafield tag="215" ind1=" " ind2=" ">
    <subfield code="a">111,[1] &#x431;.</subfield>
    <subfield code="c">&#x438;&#x43B;.</subfield>
  </datafield>
  <datafield tag="461" ind1=" " ind2="0">
    <subfield code="1">001RU\NLR\ONL2\2711</subfield>
    <subfield code="1">2001#$a&#x41C;&#x430;&#x442;&#x435;&#x43C;&#x430;&#x442;&#x438;&#x43A;&#x430;$e&#x414;&#x443;&#x440;&#x442; &#x439;&#x44B;&#x43B;&#x43B;&#x44B;k &#x431;&#x430;&#x448;&#x43B;. &#x43C;&#x44D;&#x43A;&#x442;. 4 &#x441;-&#x444;&#x44B; &#x43E;&#x441;&#x43E;&#x43D; &#x434;-&#x43B;&#x435;&#x43A;$e2 &#x43A;&#x438;&#x441;.$f&#x41C;.&#x418;.&#x41C;&#x43E;&#x440;&#x43E;, &#x41C;.&#x410;.&#x411;&#x430;&#x43D;&#x442;&#x43E;&#x432;&#x430;, &#x413;.&#x412;.&#x411;&#x435;&#x43B;&#x44C;&#x442;&#x44E;&#x43A;&#x43E;&#x432;&#x430; h. &#x431;.$v1 &#x43A;&#x438;&#x441;.</subfield>
    <subfield code="9">10268334</subfield>
    <subfield code="c">&#x41E;&#x444;&#x43E;</subfield>
    <subfield code="d">2003</subfield>
    <subfield code="f">&#x41C;.&#x418;.&#x41C;&#x43E;&#x440;&#x43E;, &#x41C;.&#x410;.&#x411;&#x430;&#x43D;&#x442;&#x43E;&#x432;&#x430;, &#x413;.&#x412;.&#x411;&#x435;&#x43B;&#x44C;&#x442;&#x44E;&#x43A;&#x43E;&#x432;&#x430; h. &#x431;.</subfield>
    <subfield code="n">&#x41A;&#x438;&#x442;&#x430;&#x43F;</subfield>
    <subfield code="o">&#x414;&#x443;&#x440;&#x442; &#x439;&#x44B;&#x43B;&#x43B;&#x44B;k &#x431;&#x430;&#x448;&#x43B;. &#x43C;&#x44D;&#x43A;&#x442;. 4 &#x441;-&#x444;&#x44B; &#x43E;&#x441;&#x43E;&#x43D; &#x434;-&#x43B;&#x435;&#x43A; : 2 &#x43A;&#x438;&#x441;.</subfield>
    <subfield code="t">&#x41C;&#x430;&#x442;&#x435;&#x43C;&#x430;&#x442;&#x438;&#x43A;&#x430;</subfield>
    <subfield code="v">1 &#x43A;&#x438;&#x441;.</subfield>
  </datafield>
  <datafield tag="801" ind1=" " ind2="0">
    <subfield code="a">RU</subfield>
    <subfield code="b">NLR</subfield>
    <subfield code="c">20040921</subfield>
    <subfield code="g">PSBO</subfield>
  </datafield>
  <datafield tag="852" ind1=" " ind2=" ">
    <subfield code="a">NLR</subfield>
    <subfield code="b">&#x41E;&#x41D;&#x41B;</subfield>
    <subfield code="j">&#x411;&#x430;&#x448;&#x43A;./5-125</subfield>
  </datafield>
  <datafield tag="942" ind1=" " ind2=" ">
    <subfield code="c">BOOK</subfield>
  </datafield>
  <datafield tag="980" ind1=" " ind2=" ">
    <subfield code="a">NB</subfield>
  </datafield>
  <datafield tag="980" ind1=" " ind2=" ">
    <subfield code="a">ONL_RF</subfield>
  </datafield>
  <datafield tag="995" ind1=" " ind2=" ">
    <subfield code="5">2013-10-26</subfield>
    <subfield code="b">NLR01</subfield>
    <subfield code="c">NLR01</subfield>
    <subfield code="e">ONL</subfield>
    <subfield code="f">9650313-10</subfield>
    <subfield code="k">&#x411;&#x430;&#x448;&#x43A;./5-125</subfield>
    <subfield code="o">0</subfield>
    <subfield code="r">BOOK</subfield>
    <subfield code="s">5125_</subfield>
  </datafield>
</record>
